Bananos, los contratos: una camisa de fuerza para los productos /

En la provincia panameña de Chiriquí, se reunió el Comité Consultivo de Empresarios de la Unión de Países Exportadores de Banano, ahí se analizó la importancia de este cultivo para las economías nacionales, por la generación de empleo y captación de dividas. Se destacó además la necesidad de legisla...

Disgrifiad llawn

Wedi'i Gadw mewn:
Manylion Llyfryddiaeth
Prif Awdur: Gabrielli, Rolando
Fformat: Texto
Iaith:Spanish
Pynciau:
Tagiau: Ychwanegu Tag
Dim Tagiau, Byddwch y cyntaf i dagio'r cofnod hwn!

MARC

LEADER 00000 a a2200000 04500
001 11582
003 cru CIDCACS/IIS
005 20231110111950.0
008 231110b |||||||| |||| 00| 0 spa d
040 |c cru CIDCACS/IIS 
100 |a Gabrielli, Rolando  
245 1 |a Bananos, los contratos:   |b una camisa de fuerza para los productos /  |c Rolando Gabrielli 
520 |a En la provincia panameña de Chiriquí, se reunió el Comité Consultivo de Empresarios de la Unión de Países Exportadores de Banano, ahí se analizó la importancia de este cultivo para las economías nacionales, por la generación de empleo y captación de dividas. Se destacó además la necesidad de legislar en materia bananera para beneficiar al productor nacional, ya que la exportación o comercialización de esa fruta está en manos de empresas transnacionales. Consideran, que en los contratos que ellos suscribem con las transnacionales están en condiciones de total desventaja y no tienen ningún respaldo jurídico en qué apoyarse para negociar con más ventajas. VJ/MR  
650 |a EMPRESAS TRANSNACIONALES  
650 |a SECTOR AGROPECUARIO  
650 |a PLANTACIONES  
650 |a EXPLOTACION AGRICOLA POR CONTRATO  
650 |a BANANOS  
773 |g número 389; páginas 6-9  
773 0 |0 43275  |9 4746  |d París, Francia EDITOR (s):Prensa Latina. Agencia Informativa Latinoamericana  |o 23068  |t Panorama Económico Latinoamericano / 
942 |2 ddc  |c PP 
999 |c 28153  |d 28153